00537nam a2200181 a 4500001001300000003000900013005001700022008004100039020001000080082001500090245005900105260005200164300000900216500003500225505003400260650002200294710003900316nice12345678IN_TiNIC20260116012401.0050524s1973 pata grp 000 0 eng  ac10000a269.2bCEC aAll India Consultation on Evangelisationb Guide Book. aPatnabChurch Extension Commision of Cbcic1973 a123p aincludes index and biblioraphy2 aAppendex, Bibliography, Index aEvangelistic Work2 aChurch Extension Commission ofCbci